00600nam a2200205 a 4500008004100000020002200041100001700063245006900080250001200149260005200161300003600213504004100249500002000290650002100310700001500331700002100346003000100367005001700368040000900385  a0521436311 (pbk.)1 aLipson, S.G.10aOptical physics /cS.G. Lipson, H. Lipson, and D. S. Tannhauser. a3rd ed. aCambridge :bCambridge University Press,c1995. axviii, 497 p. :bill. ;c25 cm. aIncludes bibliographical references. aIncludes index. 0aPhysical optics.1 aLipson, H.1 aTannhauser, D.S.20230123133454.0 cNUST